000 00848nam a2200217 4500
005 20240530110608.0
008 160702s2013 ua ||||g b 00| 0dara d
017 _a2013/7998
_bمصر. دار الكتب المصرية
020 _a9789770472859
040 _aEG-CaGPL
082 0 4 _a302.23/
_bح ا
_221
100 0 _aحنان احمد سليم
245 1 2 _aالاتجاهات الحديثة فى دارسات وبحوث علاقة الجمهور بالانترنت والاعلام الجديد /
_cاعداد حنان احمد سليم.
260 _aاسيوط، مصر :
_b[د. ن]،
_c2013.
300 _a131 ص. ؛
_c24 سم.
504 _aببليوجرافية : ص. 118-131.
650 0 4 _aالانترنت
_xبحوث
650 0 4 _aالاعلام الجديد
942 _2ddc
_cBK
999 _c62805
_d62805